000 00311nam a22001457a 4500
008 221010b ||||| |||| 00| 0 eng d
020 _a9780078023781
041 _aeng
080 _a34
082 _a34 KUB
100 _a31.2
101 _aJUR
245 _aDYNAMIC BUSINESS LAW
_cKUBASEK
942 _2udc
_cBK
999 _c58452
_d58452